[Event "FBL W"]
[Site "?"]
[Date "2018.11.18"]
[Round "4.3"]
[White "Wulf, Constanze"]
[Black "Schmidt, Andrea"]
[Result "0-1"]
[WhiteElo "1688"]
[BlackElo "2002"]
[PlyCount "68"]
[EventDate "2018.10.27"]
[EventType "team-tourn"]
[EventCountry "GER"]
[WhiteTeam "Hamburger SK II"]
[BlackTeam "Bochum SV Wattenscheid"]
[WhiteTeamCountry "GER"]
[BlackTeamCountry "GER"]

1. e4 e6 2. d3 d5 3. Nd2 Be7 4. Ngf3 Nf6 5. g3 b6 6. Bg2 Bb7 7. e5 Nfd7 8. O-O
c5 9. Re1 Nc6 10. Nf1 h6 11. c3 Rc8 12. h4 Qc7 13. Bf4 b5 14. N1h2 Nb6 15. h5
Kd7 16. Rc1 a6 17. Ng4 Rce8 18. c4 Kc8 19. cxb5 axb5 20. a3 Kb8 21. Bd2 Qd7 22.
Qc2 Rc8 23. Qb1 Rhf8 24. b4 cxb4 25. axb4 Na4 26. Ne3 d4 27. Nf1 Rc7 28. Rc2
Rfc8 29. Ra2 Nc3 30. Bxc3 dxc3 31. Qb3 Nxb4 32. Ra5 Bd5 33. Qb1 c2 34. Qa1 c1=Q
0-1

[Event "FBL W"]
[Site "?"]
[Date "2018.11.18"]
[Round "4.4"]
[White "Wirths, Clara"]
[Black "Biebinger, Eva"]
[Result "1-0"]
[WhiteElo "1981"]
[BlackElo "1802"]
[PlyCount "75"]
[EventDate "2018.10.27"]
[EventType "team-tourn"]
[EventCountry "GER"]
[WhiteTeam "Bochum SV Wattenscheid"]
[BlackTeam "Hamburger SK II"]
[WhiteTeamCountry "GER"]
[BlackTeamCountry "GER"]

1. e4 c5 2. Nf3 d6 3. d4 cxd4 4. Nxd4 Nf6 5. Nc3 a6 6. Bc4 Qc7 7. Bb3 Nbd7 8.
Be3 h6 9. f3 g5 10. Qd2 Ne5 11. O-O-O Bd7 12. h4 g4 13. f4 Nc4 14. Bxc4 Qxc4
15. e5 dxe5 16. fxe5 Nd5 17. Nde2 e6 18. Nf4 Bb4 19. Nfxd5 exd5 20. Qxd5 Qc7
21. Ne4 Be6 22. Nf6+ Kf8 23. Qe4 Be7 24. Nxg4 Bxg4 25. Qxg4 Rc8 26. Qf5 Qc4 27.
Rhf1 Rc6 28. Kb1 Qe6 29. Qxe6 Rxe6 30. Rd7 b5 31. g3 Ke8 32. Ra7 Rxe5 33. Ra8+
Bd8 34. Bd4 Kd7 35. Bxe5 Re8 36. Rd1+ Kc6 37. Rc8+ Kb6 38. Bf4 1-0

[Event "FBL W"]
[Site "?"]
[Date "2018.11.18"]
[Round "4.5"]
[White "Hoefner, Nina"]
[Black "Hiebsch, Catalina"]
[Result "1-0"]
[WhiteElo "1589"]
[BlackElo "1801"]
[PlyCount "49"]
[EventDate "2018.10.27"]
[EventType "team-tourn"]
[EventCountry "GER"]
[WhiteTeam "Hamburger SK II"]
[BlackTeam "Bochum SV Wattenscheid"]
[WhiteTeamCountry "GER"]
[BlackTeamCountry "GER"]

1. e4 e5 2. Nc3 Nc6 3. f4 d6 4. Nf3 Bg4 5. Bb5 Nge7 6. O-O a6 7. Bc4 Qd7 8. Ne2
Na5 9. Bd3 exf4 10. Nxf4 Ng6 11. Nxg6 hxg6 12. Be2 O-O-O 13. d4 d5 14. Ne5 Bxe2
15. Qxe2 Qd6 16. Bf4 dxe4 17. Nxf7 Qxd4+ 18. Be3 Qd7 19. Nxh8 Bd6 20. Nxg6 Nc6
21. Rad1 Qe6 22. Nf4 Qh6 23. Qg4+ Kb8 24. Qh3 Qg5 25. Ne6 1-0

[Event "FBL W"]
[Site "?"]
[Date "2018.11.18"]
[Round "4.6"]
[White "Buechle, Regina"]
[Black "Neumann, Ramona"]
[Result "1/2-1/2"]
[WhiteElo "1847"]
[BlackElo "1697"]
[PlyCount "47"]
[EventDate "2018.10.27"]
[EventType "team-tourn"]
[EventCountry "GER"]
[WhiteTeam "Bochum SV Wattenscheid"]
[BlackTeam "Hamburger SK II"]
[WhiteTeamCountry "GER"]
[BlackTeamCountry "GER"]

1. d4 Nf6 2. Nf3 g6 3. c4 Bg7 4. Nc3 d6 5. e4 O-O 6. Be2 e5 7. d5 a5 8. O-O Na6
9. Ne1 Nd7 10. Be3 f5 11. f3 f4 12. Bf2 g5 13. Rc1 Rf6 14. Kh1 Rh6 15. Nd3 Qe8
16. g4 fxg3 17. Bxg3 Nf6 18. Qe1 Nh5 19. Rg1 Kh8 20. Qf2 Nf4 21. Bxf4 gxf4 22.
c5 Bf6 23. cxd6 cxd6 24. Bf1 1/2-1/2

[Event "FBL W"]
[Site "?"]
[Date "2018.11.18"]
[Round "4.2"]
[White "Sokalskaja, Elena"]
[Black "Moenster, Madita"]
[Result "1-0"]
[WhiteElo "2047"]
[BlackElo "1922"]
[PlyCount "101"]
[EventDate "2018.10.27"]
[EventType "team-tourn"]
[EventCountry "GER"]
[WhiteTeam "Muelheim SV Nord"]
[BlackTeam "Delmenhorster SK"]
[WhiteTeamCountry "GER"]
[BlackTeamCountry "GER"]

1. d4 Nf6 2. Nf3 d5 3. g3 Bf5 4. Bg2 e6 5. O-O Be7 6. c4 O-O 7. Nc3 c6 8. a3 a5
9. Qb3 b6 10. cxd5 cxd5 11. Nb5 Nc6 12. Bf4 Na7 13. Nxa7 Rxa7 14. Ne5 Rb7 15.
Nc6 Qd7 16. Rac1 Ne4 17. Rfd1 Bg5 18. Bxg5 Nxg5 19. f3 f6 20. h4 Nf7 21. g4 Bg6
22. h5 Bb1 23. Rc3 Ba2 24. Qxa2 Rc7 25. Rdc1 Rfc8 26. Nb8 Rxc3 27. Nxd7 Rxc1+
28. Kf2 R1c6 29. Qb3 Rd6 30. Qb5 Rd8 31. Nc5 bxc5 32. dxc5 R6d7 33. Qxa5 d4 34.
Bf1 Ne5 35. b4 Rc8 36. Qa4 Rdd8 37. Qb3 Kf7 38. Qc2 g6 39. Kg3 f5 40. Qd2 Kg7
41. Qg5 Nf7 42. Qe7 e5 43. h6+ Kg8 44. g5 Ra8 45. Qf6 Kf8 46. Qg7+ Ke7 47. Qxh7
Rg8 48. c6 Ke8 49. b5 Nd6 50. b6 Rb8 51. Qc7 1-0

[Event "FBL W"]
[Site "?"]
[Date "2018.11.18"]
[Round "4.3"]
[White "Wollscheid, Stefanie"]
[Black "Kinzel, Tiffany"]
[Result "0-1"]
[WhiteElo "1786"]
[BlackElo "1785"]
[PlyCount "124"]
[EventDate "2018.10.27"]
[EventType "team-tourn"]
[EventCountry "GER"]
[WhiteTeam "Delmenhorster SK"]
[BlackTeam "Muelheim SV Nord"]
[WhiteTeamCountry "GER"]
[BlackTeamCountry "GER"]

1. e4 c5 2. Nf3 d6 3. d4 cxd4 4. Nxd4 Nf6 5. Nc3 a6 6. Be2 e5 7. Nf3 Be7 8. O-O
b5 9. a3 Bb7 10. Bd3 Nbd7 11. b4 Rc8 12. Bb2 O-O 13. Re1 Qc7 14. Nd2 Qb8 15.
Ne2 Nb6 16. Ng3 Rfe8 17. Nf5 Na4 18. Rb1 Nxb2 19. Rxb2 d5 20. Qf3 d4 21. Qg3 g6
22. Qg5 Qc7 23. Nf3 Nh5 24. Qh6 Bf8 25. Qg5 Bg7 26. Nxg7 Kxg7 27. Nh4 f6 28.
Qg4 Kf7 29. g3 Rcd8 30. Rf1 Bc8 31. Qf3 Bb7 32. Qg4 Re7 33. f4 exf4 34. gxf4
Bxe4 35. Bxe4 Rxe4 36. Qf3 Re6 37. Qg4 Re4 38. Ng2 f5 39. Qg5 Nf6 40. Qh4 Rde8
41. Re1 Nh5 42. Rf1 Qc3 43. Ra2 Re2 44. Rf2 Qd2 45. Ra1 Qxc2 46. Rxe2 Rxe2 47.
Qh3 Qe4 48. Rc1 Rc2 49. Qb3+ Rc4 50. Rxc4 bxc4 51. Qxc4+ Kg7 52. Qxa6 Nxf4 53.
Qa7+ Kh6 54. Nxf4 Qxf4 55. Qa8 Qe3+ 56. Kf1 d3 57. Qf8+ Kh5 58. Qf7 Qe2+ 59.
Kg1 d2 60. Qxh7+ Kg5 61. h4+ Kg4 62. Qxg6+ Kh3 0-1

[Event "FBL W"]
[Site "?"]
[Date "2018.11.18"]
[Round "4.4"]
[White "Stoer, Agnes"]
[Black "Kohls, Vera"]
[Result "1-0"]
[WhiteElo "1875"]
[BlackElo "1729"]
[PlyCount "115"]
[EventDate "2018.10.27"]
[EventType "team-tourn"]
[EventCountry "GER"]
[WhiteTeam "Muelheim SV Nord"]
[BlackTeam "Delmenhorster SK"]
[WhiteTeamCountry "GER"]
[BlackTeamCountry "GER"]

1. c4 e6 2. d4 b6 3. Nf3 Bb7 4. Bf4 f5 5. Nc3 Nf6 6. e3 Bb4 7. a3 Bxc3+ 8. bxc3
O-O 9. Be2 Ne4 10. Rc1 d6 11. h3 Nd7 12. O-O a5 13. Bd3 h6 14. Ne1 Qe8 15. f3
Nef6 16. Bh2 Qg6 17. Qb3 Kh8 18. c5 Nd5 19. e4 Ne3 20. exf5 exf5 21. Rf2 Qg5
22. cxd6 Nxg2 23. Nxg2 Qxc1+ 24. Rf1 Qd2 25. Bb5 c6 26. Bf4 a4 27. Qb4 Qc2 28.
Rc1 Qb3 29. Bc4 Qxb4 30. cxb4 b5 31. Be6 Nb6 32. Nh4 Rf6 33. Bxf5 Nc4 34. Be5
Rxd6 35. Rxc4 bxc4 36. Bxd6 Rd8 37. Be5 Bc8 38. Be4 Bxh3 39. Ng6+ Kg8 40. Ne7+
Kf7 41. Nxc6 Rc8 42. Bd5+ Be6 43. Be4 g6 44. Bd6 c3 45. d5 c2 46. dxe6+ Kxe6
47. Bf4 g5 48. Bc1 Kd6 49. Na7 Re8 50. Kf2 g4 51. Nb5+ Ke5 52. Bb2+ Kf4 53.
Bc1+ Ke5 54. fxg4 Rf8+ 55. Bf3 Rd8 56. Ke1 Rd3 57. Be2 Rd7 58. Nc3 1-0

[Event "FBL W"]
[Site "?"]
[Date "2018.11.18"]
[Round "4.5"]
[White "Schlueter, Ulrike"]
[Black "Frank, Carolin"]
[Result "1-0"]
[WhiteElo "1405"]
[BlackElo "1611"]
[PlyCount "149"]
[EventDate "2018.10.27"]
[EventType "team-tourn"]
[EventCountry "GER"]
[WhiteTeam "Delmenhorster SK"]
[BlackTeam "Muelheim SV Nord"]
[WhiteTeamCountry "GER"]
[BlackTeamCountry "GER"]

1. d4 Nf6 2. c4 g6 3. Nc3 Bg7 4. e4 d6 5. Nf3 O-O 6. Be2 c5 7. d5 e6 8. O-O Re8
9. Be3 exd5 10. exd5 Bf5 11. Qd2 Qb6 12. Rad1 Nbd7 13. Nh4 Ne5 14. Nxf5 gxf5
15. Bh6 Ng6 16. Bxg7 Kxg7 17. Rfe1 Re5 18. b3 Rae8 19. Bd3 Qd8 20. Rxe5 Rxe5
21. Re1 Qe7 22. Rxe5 Qxe5 23. h3 Nf4 24. Bf1 a6 25. Qe3 Ne4 26. Nxe4 Qxe4 27.
Qc3+ Kg6 28. Qg3+ Kf6 29. Qh4+ Kg7 30. Qg5+ Ng6 31. Qd8 Qe7 32. Qxe7 Nxe7 33.
f4 a5 34. Kf2 Ng6 35. g3 Nf8 36. Bd3 Kf6 37. a3 h6 38. Ke3 Nd7 39. Be2 Nb6 40.
Kd3 Ke7 41. Ke3 Kf6 42. Kd3 Na8 43. Kc3 Nc7 44. b4 axb4+ 45. axb4 b6 46. bxc5
bxc5 47. Kb3 Ne8 48. Ka4 Ng7 49. g4 fxg4 50. hxg4 h5 51. g5+ Ke7 52. f5 Ne8 53.
Kb5 h4 54. Bd1 h3 55. Bf3 h2 56. f6+ Nxf6 57. gxf6+ Kxf6 58. Kc6 Ke5 59. Kd7 f5
60. Ke7 f4 61. Bg2 Kd4 62. Kxd6 Kxc4 63. Ke6 Kb3 64. d6 c4 65. d7 c3 66. d8=Q
c2 67. Qd3+ Kb2 68. Qd2 Kb1 69. Qb4+ Kc1 70. Qxf4+ Kb1 71. Qb4+ Kc1 72. Bf3
h1=Q 73. Bxh1 Kd1 74. Bf3+ Kc1 75. Be4 1-0

[Event "FBL W"]
[Site "?"]
[Date "2018.11.18"]
[Round "4.1"]
[White "Freitag, Julia"]
[Black "Michna, Marta"]
[Result "0-1"]
[WhiteElo "2135"]
[BlackElo "2327"]
[PlyCount "54"]
[EventDate "2018.10.27"]
[EventType "team-tourn"]
[EventCountry "GER"]
[WhiteTeam "Steinfurt SC"]
[BlackTeam "Kiel SK Doppelbauer"]
[WhiteTeamCountry "GER"]
[BlackTeamCountry "GER"]

1. d4 d6 2. e3 Nd7 3. f4 e5 4. Bc4 Be7 5. dxe5 dxe5 6. Qd5 Nh6 7. fxe5 c6 8.
Qe4 Qa5+ 9. Bd2 Qxe5 10. Qxe5 Nxe5 11. Bb3 Nf5 12. Nf3 Bf6 13. Nxe5 Bxe5 14.
Nc3 O-O 15. O-O-O Nd6 16. h3 Be6 17. Bxe6 fxe6 18. Rhf1 Nc4 19. Rf3 b5 20. Kb1
Rfd8 21. Bc1 Bxc3 22. Rxd8+ Rxd8 23. bxc3 Rd1 24. Rf2 Re1 25. a4 e5 26. g4 bxa4
27. e4 a3 0-1

[Event "FBL W"]
[Site "?"]
[Date "2018.11.18"]
[Round "4.2"]
[White "Kopylov, Luba"]
[Black "Miljkovic, Jovana"]
[Result "1-0"]
[WhiteElo "2076"]
[BlackElo "2009"]
[PlyCount "63"]
[EventDate "2018.10.27"]
[EventType "team-tourn"]
[EventCountry "GER"]
[WhiteTeam "Kiel SK Doppelbauer"]
[BlackTeam "Steinfurt SC"]
[WhiteTeamCountry "GER"]
[BlackTeamCountry "GER"]

1. d4 Nf6 2. c4 e6 3. g3 d5 4. Bg2 a6 5. Nd2 Nc6 6. Ngf3 Be7 7. Qc2 O-O 8. O-O
Nb4 9. Qb1 c5 10. dxc5 Bxc5 11. cxd5 Nfxd5 12. Nb3 Be7 13. e4 Nf6 14. Bg5 h6
15. Rd1 Qe8 16. Bxf6 Bxf6 17. e5 Be7 18. Qe4 Nd5 19. Nfd4 Bd7 20. Na5 b6 21.
Nc4 Qb8 22. h4 Rc8 23. Bf1 b5 24. Bd3 g6 25. Nd2 h5 26. Rac1 Rc5 27. N2b3 Rxc1
28. Rxc1 Qb6 29. g4 hxg4 30. h5 Rf8 31. hxg6 f5 32. Qh1 1-0

[Event "FBL W"]
[Site "?"]
[Date "2018.11.18"]
[Round "4.3"]
[White "Moeller, Hannah"]
[Black "Rath, Alina"]
[Result "0-1"]
[WhiteElo "1847"]
[BlackElo "2034"]
[PlyCount "90"]
[EventDate "2018.10.27"]
[EventType "team-tourn"]
[EventCountry "GER"]
[WhiteTeam "Steinfurt SC"]
[BlackTeam "Kiel SK Doppelbauer"]
[WhiteTeamCountry "GER"]
[BlackTeamCountry "GER"]

1. Nf3 c5 2. g3 Nc6 3. d4 d5 4. Bg2 e6 5. O-O Nf6 6. c4 Be7 7. Nc3 O-O 8. cxd5
exd5 9. dxc5 Bxc5 10. Bf4 Re8 11. Nb5 Bb6 12. Qc2 Bg4 13. h3 Be6 14. Rfd1 a6
15. Nc3 Rc8 16. Bg5 Ba7 17. Qa4 h6 18. Bh4 Qb6 19. e3 g5 20. Nxg5 hxg5 21. Bxg5
Nh7 22. Bh6 Qb4 23. Qc2 Ne7 24. Qe2 Nf5 25. Bf4 d4 26. Nd5 Qf8 27. e4 Ng7 28.
e5 f5 29. exf6 Nxf6 30. Nxf6+ Qxf6 31. Be5 Qf7 32. Qe4 d3 33. Qxd3 Qxf2+ 34.
Kh1 Rc2 35. Qe4 Bxh3 36. Qd5+ Be6 37. Qxb7 Qf7 38. Qxf7+ Bxf7 39. Bd4 Bxd4 40.
Rxd4 Rxb2 41. Ra4 Re6 42. Rd1 Nf5 43. g4 Ne3 44. Rd8+ Kg7 45. Bf3 Rf6 0-1

[Event "FBL W"]
[Site "?"]
[Date "2018.11.18"]
[Round "4.4"]
[White "Silz, Elisa"]
[Black "Veldhuis, Karina"]
[Result "1-0"]
[WhiteElo "1995"]
[BlackElo "1833"]
[PlyCount "89"]
[EventDate "2018.10.27"]
[EventType "team-tourn"]
[EventCountry "GER"]
[WhiteTeam "Kiel SK Doppelbauer"]
[BlackTeam "Steinfurt SC"]
[WhiteTeamCountry "GER"]
[BlackTeamCountry "GER"]

1. d4 d5 2. c4 e6 3. Nc3 Nf6 4. Bg5 Nbd7 5. e3 c6 6. Nf3 Qa5 7. Nd2 Bb4 8. Qc2
dxc4 9. Bxf6 Nxf6 10. Nxc4 Bxc3+ 11. bxc3 Qc7 12. g3 O-O 13. Bg2 b6 14. Ne5 Bb7
15. O-O Rfc8 16. Qb3 c5 17. Bh3 c4 18. Qd1 h6 19. f3 Nh7 20. e4 Ng5 21. Bg2 f6
22. Ng6 Qf7 23. Nf4 Rd8 24. Ne2 Rac8 25. Rb1 e5 26. d5 Rc5 27. Qc2 Qd7 28. g4
h5 29. h3 hxg4 30. fxg4 Kf7 31. h4 Qxg4 32. hxg5 Qxg5 33. Qc1 Qg4 34. Qe3 Rh8
35. Ng3 Rcc8 36. Qf3 Qg5 37. Nf5 Rcd8 38. Rb4 Bc8 39. Rxc4 Bxf5 40. Qxf5 Qe3+
41. Qf2 Qg5 42. Rc7+ Ke8 43. Rxa7 Qh6 44. Qg3 g5 45. Rf5 1-0

[Event "FBL W"]
[Site "?"]
[Date "2018.11.18"]
[Round "4.5"]
[White "Schmitz, Carolin"]
[Black "Gressmann, Hanna"]
[Result "1/2-1/2"]
[WhiteElo "1757"]
[BlackElo "1833"]
[PlyCount "61"]
[EventDate "2018.10.27"]
[EventType "team-tourn"]
[EventCountry "GER"]
[WhiteTeam "Steinfurt SC"]
[BlackTeam "Kiel SK Doppelbauer"]
[WhiteTeamCountry "GER"]
[BlackTeamCountry "GER"]

1. e4 e5 2. Nf3 Nc6 3. Bb5 Nf6 4. d3 d6 5. O-O a6 6. Bxc6+ bxc6 7. b3 Be7 8.
Bb2 O-O 9. Nbd2 Bg4 10. c3 Re8 11. Qc2 Nd7 12. d4 Bf6 13. dxe5 Nxe5 14. Nxe5
Bxe5 15. f4 Bf6 16. h3 Bd7 17. c4 Bxb2 18. Qxb2 a5 19. Rf3 f6 20. Re1 d5 21. e5
Qb8 22. Kh2 Qb6 23. Rg3 d4 24. Ne4 Kf7 25. Qe2 Bf5 26. Nd2 c5 27. Nf3 g6 28.
Nh4 Qe6 29. Rf3 h5 30. Rf2 a4 31. Qf3 1/2-1/2

[Event "FBL W"]
[Site "?"]
[Date "2018.11.18"]
[Round "4.6"]
[White "Franzenburg, Maria"]
[Black "Stoffers, Elsbeth"]
[Result "1-0"]
[WhiteElo "1844"]
[BlackElo "1424"]
[PlyCount "59"]
[EventDate "2018.10.27"]
[EventType "team-tourn"]
[EventCountry "GER"]
[WhiteTeam "Kiel SK Doppelbauer"]
[BlackTeam "Steinfurt SC"]
[WhiteTeamCountry "GER"]
[BlackTeamCountry "GER"]

1. c4 c6 2. Nc3 Nf6 3. d4 d5 4. e3 e6 5. a3 dxc4 6. Bxc4 a6 7. b4 Nbd7 8. Nf3
Nd5 9. Ne2 Be7 10. O-O N7f6 11. Bd3 Nc7 12. Bd2 O-O 13. Nc3 h6 14. Ne5 Ncd5 15.
f4 Nxc3 16. Bxc3 Bd6 17. Bd2 Nd7 18. Rf3 Bxe5 19. fxe5 Nxe5 20. dxe5 Qxd3 21.
Rg3 Qh7 22. Bc3 b6 23. Qd6 c5 24. bxc5 bxc5 25. Qxc5 Bb7 26. Bb4 Rfc8 27. Qe7
Bd5 28. Rf1 g6 29. Rg4 Re8 30. Qh4 1-0

[Event "FBL W"]
[Site "?"]
[Date "2018.11.18"]
[Round "4.2"]
[White "Glinzner, Alva"]
[Black "Bork, Sophie"]
[Result "1/2-1/2"]
[WhiteElo "1899"]
[BlackElo "1859"]
[PlyCount "132"]
[EventDate "2018.10.27"]
[EventType "team-tourn"]
[EventCountry "GER"]
[WhiteTeam "Luebeck SV"]
[BlackTeam "Paderborn SK Blauer Springer"]
[WhiteTeamCountry "GER"]
[BlackTeamCountry "GER"]

1. e4 e5 2. Nf3 Nc6 3. Bb5 f5 4. d3 fxe4 5. dxe4 Nf6 6. Nc3 Bb4 7. O-O Bxc3 8.
bxc3 d6 9. Qd3 a6 10. Ba4 b5 11. Bb3 Na5 12. Rd1 Bg4 13. Re1 Nxb3 14. cxb3 O-O
15. Nd2 Nh5 16. f3 Nf4 17. Qc2 Be6 18. Nf1 Rf6 19. Kh1 Rg6 20. Ne3 Qh4 21. Rg1
Nh5 22. Nf1 Rf8 23. Be3 Qf6 24. Rd1 Nf4 25. Qf2 h5 26. Ng3 h4 27. Bxf4 exf4 28.
Ne2 h3 29. Nd4 Bd7 30. Rdf1 Kf7 31. g4 fxg3 32. Rxg3 Rxg3 33. Qxg3 Kg8 34. Ne2
Bc6 35. Qg4 d5 36. Ng3 dxe4 37. Nxe4 Bxe4 38. Qxe4 Kh8 39. Qg4 Qh6 40. Rg1 Kg8
41. Qe4 Qh5 42. Rf1 Re8 43. Qd3 Qg5 44. Qc2 Rd8 45. Rg1 Qe3 46. Qf5 Qh6 47. Qe5
c6 48. Qc7 Rf8 49. Qg3 Qf6 50. Rf1 Qf5 51. Qd6 Rf6 52. Qd8+ Kh7 53. Qd4 Rg6 54.
Qh4+ Rh6 55. Qd4 Kg8 56. Qd8+ Qf8 57. Qg5 Qf6 58. Qe3 Rg6 59. Qe8+ Kh7 60. Qd7
Qe6 61. Qd3 Qd6 62. Qf5 Qe6 63. Qd3 Kh8 64. Qd8+ Qg8 65. Qd7 Rh6 66. Qg4 Qd8
1/2-1/2

[Event "FBL W"]
[Site "?"]
[Date "2018.11.18"]
[Round "4.3"]
[White "Browning, Rebecca"]
[Black "Mundt, Alexandra"]
[Result "0-1"]
[WhiteElo "1836"]
[BlackElo "1674"]
[PlyCount "88"]
[EventDate "2018.10.27"]
[EventType "team-tourn"]
[EventCountry "GER"]
[WhiteTeam "Paderborn SK Blauer Springer"]
[BlackTeam "Luebeck SV"]
[WhiteTeamCountry "GER"]
[BlackTeamCountry "GER"]

1. e4 e5 2. Nf3 Nf6 3. Nc3 Bb4 4. d3 d6 5. Be2 Nc6 6. O-O Bg4 7. Be3 Qd7 8. a3
Ba5 9. Bg5 Bb6 10. Bxf6 gxf6 11. Nd5 Qd8 12. Qd2 Be6 13. Ne3 Qd7 14. Nh4 Nd4
15. Bd1 O-O-O 16. c3 Nc6 17. Nhf5 Ne7 18. Bg4 Kb8 19. a4 Rhg8 20. d4 c6 21. a5
Bc7 22. a6 d5 23. dxe5 fxe5 24. Rfd1 Bxf5 25. Bxf5 Nxf5 26. Nxf5 Qe6 27. axb7
dxe4 28. Qe3 Rxd1+ 29. Rxd1 Qxf5 30. Ra1 Bb6 31. Qd2 Rd8 32. Qc2 Qd7 33. Qa4 f5
34. h3 Qxb7 35. b4 Rd2 36. Ra2 Bxf2+ 37. Kh1 Rxa2 38. Qxa2 e3 39. Qg8+ Qc8 40.
Qg7 Qe8 41. g4 e2 42. Kg2 e1=Q 43. Qf6 Qd7 44. gxf5 Qd5+ 0-1

[Event "FBL W"]
[Site "?"]
[Date "2018.11.18"]
[Round "4.4"]
[White "Fett, Sabine"]
[Black "Moeller, Lisa Marie"]
[Result "0-1"]
[WhiteElo "1722"]
[BlackElo "1868"]
[PlyCount "112"]
[EventDate "2018.10.27"]
[EventType "team-tourn"]
[EventCountry "GER"]
[WhiteTeam "Luebeck SV"]
[BlackTeam "Paderborn SK Blauer Springer"]
[WhiteTeamCountry "GER"]
[BlackTeamCountry "GER"]

1. e4 c5 2. f4 d5 3. e5 Nc6 4. Nf3 Bg4 5. Be2 e6 6. O-O Nge7 7. Nc3 Nf5 8. Ng5
Bxe2 9. Nxe2 Be7 10. Nf3 O-O 11. g4 Nh6 12. h3 b5 13. d3 Kh8 14. Ng3 Qc7 15.
Qe1 Rae8 16. c3 b4 17. c4 dxc4 18. dxc4 Rd8 19. b3 Nd4 20. Nxd4 Rxd4 21. g5 Ng8
22. Be3 Rd3 23. Ne4 Qc6 24. Nf2 Rdd8 25. Qe2 f6 26. g6 hxg6 27. Qg4 Kh7 28. Kh2
fxe5 29. Rg1 Qe8 30. fxe5 Qf7 31. Qe2 Qf3 32. Qe1 Bh4 33. Rg2 Be7 34. Rg3 Qf5
35. Ng4 Bh4 36. Bxc5 Bxg3+ 37. Qxg3 Qc2+ 38. Kh1 Rd1+ 39. Rxd1 Qxd1+ 40. Kg2
Qd2+ 41. Kg1 Qd1+ 42. Kg2 Qe2+ 43. Nf2 Rf5 44. Bxb4 Qxe5 45. Qd3 Rg5+ 46. Kf1
Qa1+ 47. Ke2 Qxa2+ 48. Bd2 Re5+ 49. Kd1 Nf6 50. Qd4 Qb1+ 51. Bc1 Qxb3+ 52. Kd2
Qb4+ 53. Kd3 Qb1+ 54. Kd2 Ne4+ 55. Nxe4 Qxe4 56. Qf2 Qxc4 0-1

[Event "FBL W"]
[Site "?"]
[Date "2018.11.18"]
[Round "4.5"]
[White "Schrader, Elanor"]
[Black "Braeutigam, Katerina"]
[Result "1/2-1/2"]
[WhiteElo "1790"]
[BlackElo "1647"]
[PlyCount "111"]
[EventDate "2018.10.27"]
[EventType "team-tourn"]
[EventCountry "GER"]
[WhiteTeam "Paderborn SK Blauer Springer"]
[BlackTeam "Luebeck SV"]
[WhiteTeamCountry "GER"]
[BlackTeamCountry "GER"]

1. e4 c6 2. d4 d5 3. e5 Bf5 4. Bd3 Bxd3 5. Qxd3 e6 6. Ne2 Ne7 7. Ng3 Nd7 8. O-O
Qc7 9. Nd2 c5 10. c3 c4 11. Qc2 h5 12. h4 Ng6 13. Nf3 Be7 14. Bg5 Qd8 15. Qd2
Nxh4 16. Bxh4 Bxh4 17. Qf4 Be7 18. Rfe1 g5 19. Qe3 h4 20. Nf1 g4 21. N3h2 Rg8
22. Qf4 g3 23. fxg3 hxg3 24. Nxg3 Bg5 25. Qf3 Bh4 26. Rf1 Qg5 27. Qxf7+ Kd8 28.
Nf3 Qxg3 29. Nxh4 Rg7 30. Qf4 Ke7 31. Qxg3 Rxg3 32. Rf4 Rag8 33. Raf1 R8g7 34.
R1f2 b5 35. Nf3 Nf8 36. Ne1 Ng6 37. R4f3 Rg4 38. Kf1 Rh7 39. Nc2 Rg7 40. Ne3
Rg5 41. Rh3 Ke8 42. b3 cxb3 43. axb3 Rc7 44. Rc2 Nf8 45. c4 bxc4 46. bxc4 dxc4
47. Rxc4 Rxc4 48. Nxc4 Rg4 49. Nd6+ Kd7 50. Rd3 Kc6 51. Nc8 Kd5 52. Ne7+ Kc4
53. Ra3 Rf4+ 54. Ke2 Kxd4 55. Rxa7 Kxe5 56. Nc6+ 1/2-1/2

[Event "FBL W"]
[Site "?"]
[Date "2018.12.09"]
[Round "5.1"]
[White "Leveikina, Jevgenija"]
[Black "Vogel, Heike"]
[Result "1/2-1/2"]
[WhiteElo "2119"]
[BlackElo "2145"]
[PlyCount "82"]
[EventDate "2018.10.27"]
[EventType "team-tourn"]
[EventCountry "GER"]
[WhiteTeam "Bochum SV Wattenscheid"]
[BlackTeam "Muelheim SV Nord"]
[WhiteTeamCountry "GER"]
[BlackTeamCountry "GER"]

1. d4 c5 2. c3 e6 3. Nf3 Nf6 4. Bf4 Nc6 5. e3 Be7 6. h3 b6 7. Bd3 Bb7 8. a4 Nd5
9. Bh2 f5 10. Nbd2 Nf6 11. Qe2 d6 12. dxc5 bxc5 13. e4 fxe4 14. Nxe4 Nxe4 15.
Qxe4 Qd7 16. Qg4 Bf6 17. Bxh7 O-O-O 18. Bc2 Ba6 19. O-O-O d5 20. Rhe1 Rhe8 21.
Ng5 Bxg5+ 22. Qxg5 Rf8 23. Bg3 Na5 24. Qe5 Kb7 25. Qxe6 Bc4 26. Qxd7+ Rxd7 27.
b4 cxb4 28. cxb4 Nc6 29. b5 Nb4 30. Rd4 Rc8 31. Bf5 Bd3+ 32. Kb2 Bxf5 33. Rxb4
Rc2+ 34. Kb3 d4 35. Rc4 d3 36. Rxc2 dxc2 37. Rc1 Rd3+ 38. Kb2 Rd4 39. Kb3 Rd3+
40. Kb2 Rd4 41. Kb3 Rd3+ 1/2-1/2

[Event "FBL W"]
[Site "?"]
[Date "2018.12.09"]
[Round "5.3"]
[White "Schmidt, Andrea"]
[Black "Sokalskaja, Elena"]
[Result "1/2-1/2"]
[WhiteElo "2009"]
[BlackElo "2062"]
[PlyCount "57"]
[EventDate "2018.10.27"]
[EventType "team-tourn"]
[EventCountry "GER"]
[WhiteTeam "Bochum SV Wattenscheid"]
[BlackTeam "Muelheim SV Nord"]
[WhiteTeamCountry "GER"]
[BlackTeamCountry "GER"]

1. e4 c6 2. d4 d5 3. exd5 cxd5 4. Nf3 Nf6 5. Be2 g6 6. O-O Bg7 7. c3 Nc6 8. Bf4
O-O 9. Qc1 Bf5 10. Bh6 Rc8 11. Bxg7 Kxg7 12. Qd1 Qc7 13. Bd3 Bxd3 14. Qxd3 Ne4
15. Nfd2 Nd6 16. Na3 a6 17. Nc2 Qd7 18. Ne3 e6 19. Rae1 h5 20. f4 b5 21. a3 Nc4
22. Nd1 Nxd2 23. Qxd2 Na5 24. Qe2 Nc6 25. Nf2 Qc7 26. Nd3 a5 27. b4 Qd6 28. Nc5
Rb8 29. g4 1/2-1/2

[Event "FBL W"]
[Site "?"]
[Date "2018.12.09"]
[Round "5.4"]
[White "Sokalska, Viktorija"]
[Black "Huppertz, Andrea"]
[Result "1-0"]
[WhiteElo "1982"]
[BlackElo "1820"]
[PlyCount "57"]
[EventDate "2018.10.27"]
[EventType "team-tourn"]
[EventCountry "GER"]
[WhiteTeam "Muelheim SV Nord"]
[BlackTeam "Bochum SV Wattenscheid"]
[WhiteTeamCountry "GER"]
[BlackTeamCountry "GER"]

1. e4 c5 2. Nc3 Nc6 3. g3 b6 4. Bg2 Bb7 5. d3 e6 6. Nge2 Nd4 7. O-O Ne7 8. Bg5
h6 9. Nxd4 cxd4 10. Nb5 d6 11. e5 Bxg2 12. Nxd6+ Kd7 13. Kxg2 Qc7 14. Bf4 g5
15. Bd2 Ng6 16. Nxf7 Rh7 17. Nd6 Nxe5 18. Ne4 Rf7 19. f4 gxf4 20. Bxf4 Ke7 21.
Qd2 Rc8 22. Qb4+ Ke8 23. Qb5+ Qd7 24. Qxe5 Rxc2+ 25. Rf2 Rxf2+ 26. Nxf2 Qb7+
27. Qe4 Qxe4+ 28. Nxe4 Bg7 29. Nd6+ 1-0

[Event "FBL W"]
[Site "?"]
[Date "2018.12.09"]
[Round "5.5"]
[White "Hiebsch, Catalina"]
[Black "Kinzel, Tiffany"]
[Result "0-1"]
[WhiteElo "1784"]
[BlackElo "1782"]
[PlyCount "96"]
[EventDate "2018.10.27"]
[EventType "team-tourn"]
[EventCountry "GER"]
[WhiteTeam "Bochum SV Wattenscheid"]
[BlackTeam "Muelheim SV Nord"]
[WhiteTeamCountry "GER"]
[BlackTeamCountry "GER"]

1. e4 c5 2. Nc3 e6 3. Bc4 Nc6 4. d3 g6 5. f4 Bg7 6. Nf3 Nge7 7. O-O O-O 8. Qe1
d5 9. exd5 exd5 10. Bb3 Na5 11. Nxd5 Nec6 12. Nc3 Nxb3 13. axb3 b6 14. Be3 Bb7
15. Qh4 Qd7 16. f5 f6 17. fxg6 hxg6 18. Bh6 Ne7 19. Bxg7 Kxg7 20. Ne4 Nd5 21.
Rae1 Rh8 22. Qg3 Raf8 23. Nh4 Ne7 24. Nf3 Nd5 25. Qd6 Qg4 26. Qg3 Qd7 27. Nc3
Ne7 28. Ne5 Qd4+ 29. Qe3 Qxe3+ 30. Rxe3 fxe5 31. Rxe5 Nc6 32. Rxf8 Rxf8 33. Re2
Nd4 34. Rd2 a6 35. Na4 Rf6 36. Nc3 Re6 37. Kf2 Kf6 38. Nd1 Nf5 39. g4 Nd4 40.
Kg3 Ne2+ 41. Kf2 Nd4 42. h3 Ke5 43. c3 Rf6+ 44. Kg3 Rf3+ 45. Kh4 Ne6 46. Re2+
Kf6 47. Rf2 g5+ 48. Kh5 Nf4+ 0-1